University success :reading and writing : high-beginning / (Record no. 852)

MARC details
000 -LEADER
fixed length control field 00734nam a22002177a 4500
005 - DATE AND TIME OF LATEST TRANSACTION
control field 20250224105859.0
008 - FIXED-LENGTH DATA ELEMENTS--GENERAL INFORMATION
fixed length control field 230821b ||||| |||| 00| 0 eng d
020 ## - INTERNATIONAL STANDARD BOOK NUMBER
International Standard Book Number 9780135245934
040 ## - CATALOGING SOURCE
Transcribing agency KCST
082 ## - DEWEY DECIMAL CLASSIFICATION NUMBER
Classification number 428.24
Item number StUn
100 ## - MAIN ENTRY--PERSONAL NAME
Personal name Steenburgh, Carrie
9 (RLIN) 5788
245 ## - TITLE STATEMENT
Title University success :reading and writing : high-beginning /
Statement of responsibility, etc. Carrie Steenburgh
260 ## - PUBLICATION, DISTRIBUTION, ETC.
Place of publication, distribution, etc. Hoboken, NJ;
Name of publisher, distributor, etc. Pearson;
Date of publication, distribution, etc. 2020.
300 ## - PHYSICAL DESCRIPTION
Extent 230 p.
650 ## - SUBJECT ADDED ENTRY--TOPICAL TERM
Topical term or geographic name entry element English (Language) Textbooks for allophones
9 (RLIN) 5789
650 ## - SUBJECT ADDED ENTRY--TOPICAL TERM
Topical term or geographic name entry element English (Language) Rhetoric
9 (RLIN) 5790
650 ## - SUBJECT ADDED ENTRY--TOPICAL TERM
Topical term or geographic name entry element English language Textbooks for foreign speakers
9 (RLIN) 5792
650 ## - SUBJECT ADDED ENTRY--TOPICAL TERM
Topical term or geographic name entry element Problems and exercises
9 (RLIN) 5791
650 ## - SUBJECT ADDED ENTRY--TOPICAL TERM
Topical term or geographic name entry element English Vocabularies and Phrasebooks
9 (RLIN) 5742
942 ## - ADDED ENTRY ELEMENTS (KOHA)
Source of classification or shelving scheme Dewey Decimal Classification
Koha item type Course Textbook
Holdings
Withdrawn status Lost status Source of classification or shelving scheme Damaged status Not for loan Home library Current library Date acquired Source of acquisition Cost, normal purchase price Total checkouts Full call number Barcode Date last seen Price effective from Koha item type Cost, replacement price
    Dewey Decimal Classification     KCST Library KCST Library 21/08/2023 Free copy from publisher 0.00   428.24 St Un 1000000794 21/08/2023 21/08/2023 Course Textbook  
    Dewey Decimal Classification     KCST Library KCST Library 17/09/2023 Procured - KCST-INV001 20.25   428.24 St Un 1000001176 17/09/2023 17/09/2023 Course Textbook 20.25
    Dewey Decimal Classification     KCST Library KCST Library 17/09/2023 Procured - KCST-INV001 20.25   428.24 St Un 1000001177 17/09/2023 17/09/2023 Course Textbook 20.25
    Dewey Decimal Classification     KCST Library KCST Library 17/09/2023 Procured - KCST-INV001 20.25   428.24 St Un 1000001178 17/09/2023 17/09/2023 Course Textbook 20.25
© 2025 KCST. All rights reserved